Microbiología clínica y enfermedades infecciosas / W. John Spicer, José Luis González Hernández, traductor.
Segunda edición actualizada de este texto y atlas en color de indudable interés para el estudiante y que utiliza el modelo de doble página para presentar los distintos contenidos. Con gran cantidad de tablas y figuras totalmente renovadas, incluye nuevos organismos (así como los más antiguos) pero c...
| Autor principal: | |
|---|---|
| Altres autors: | |
| Format: | Llibre |
| Idioma: | Spanish English |
| Publicat: |
Barcelona:
Editorial Elsevier,
2009.
|
| Edició: | Segunda edicón. |
| Matèries: |
MARC
| LEADER | 00000nam a2200000 i 4500 | ||
|---|---|---|---|
| 003 | Ucuenca | ||
| 005 | 20230308231134.0 | ||
| 006 | a||||fr|||| 001 || | ||
| 007 | ta | ||
| 008 | 210713b ||||| |||| 00| 0 spa d | ||
| 020 | |a 978-84-8086-425-1 |q edición española | ||
| 020 | |a 978-0-443-10303-2 |q edición original | ||
| 040 | |a UCuenca-cdrjbv |b spa |c UCuenca |e rda | ||
| 041 | 1 | |a spa |h eng | |
| 082 | 0 | |2 22 |a 616.01 |c 204721 | |
| 100 | 1 | |9 264835 |a Spicer, W. John. |e autor | |
| 240 | 1 | 0 | |a Clinical Microbiology and Infectious Diseases |l English |
| 245 | 0 | 0 | |a Microbiología clínica y enfermedades infecciosas / |b W. John Spicer, José Luis González Hernández, traductor. |
| 250 | |a Segunda edicón. | ||
| 264 | 1 | |a Barcelona: |b Editorial Elsevier, |c 2009. | |
| 264 | 4 | |c ©2009 | |
| 300 | |a ix, 251 páginas: |b gra |c 30 cm | ||
| 336 | |2 rdacontent |a texto |b txt | ||
| 337 | |2 rdamedia |a no mediado |b n | ||
| 338 | |2 rdacarrier |a volumen |b nc | ||
| 505 | 1 | |a Microorganismos: principios generales -- Ataque microbiano y control por las defensas intrínsecas -- Microorganismos patógenos específicos -- Éxito del ataque microbiano: infección clínica -- Control microbiano mediante defensas extrínsecas. | |
| 520 | 3 | |a Segunda edición actualizada de este texto y atlas en color de indudable interés para el estudiante y que utiliza el modelo de doble página para presentar los distintos contenidos. Con gran cantidad de tablas y figuras totalmente renovadas, incluye nuevos organismos (así como los más antiguos) pero con una nueva nomenclatura, nuevas patologías, nuevos agentes antimicrobianos y nuevos test. Se divide en 5 grandes secciones: Principios generales, Ataque microbiano y mecanismos de defensa del huésped, Patógenos específicos, Infecciones y control microbiano. Se incluyen también aspectos de virología y de algunas infecciones emergentes. | |
| 650 | 1 | 7 | |2 UCuenca-cdrjbv |9 2117 |a Enfermedades infecciosas |
| 650 | 1 | 7 | |2 UCuenca-cdrjbv |9 82596 |a Microbiología clínica |
| 650 | 1 | 7 | |2 UCuenca-cdrjbv |9 16183 |a Virus |
| 650 | 1 | 7 | |2 UCuenca-cdrjbv |9 33056 |a Hongos |
| 651 | |2 UCuenca-cdrjbv | ||
| 700 | 1 | |9 89579 |a González Hernández, José Luis. |e traductor | |
| 942 | |2 ddc |c BK |z margoth.maza@ucuenca.edu.ec | ||
| 999 | |c 159493 |d 159493 | ||